| 000 | 00814nas a2200265 4500 | ||
|---|---|---|---|
| 001 | BR0405452 | ||
| 003 | BR-BrBNA | ||
| 005 | 20231205104955.0 | ||
| 007 | ta | ||
| 008 | 230509b bl.|||p| |||| 00| 00por d | ||
| 040 |
_aBR-BrBNA _bpor _cBiblioteca Nacional de Agricultura |
||
| 041 | _a(Pt) | ||
| 072 | _aQ02; U10 | ||
| 100 | 1 | _aSarria, S.D. | |
| 100 | 1 | _aHonório, S.L. | |
| 245 | 1 | _aCondutividade e difusividade térmica do figo (Ficus carica L.)"Roxo de Valinhos" | |
| 650 | _aFIGO | ||
| 650 | _aRESFRIAMENTO | ||
| 650 | _aTRANSFERÊNCIA DE CALOR | ||
| 650 | _aCONDUTIVIDADE TÉRMICA | ||
| 650 | _aMODELO MATEMÁTICO | ||
| 773 | 0 |
_tEngenharia Agrícola (Brazil) _xISSN 0100-6916 _g(Jan-Apr 2004), v. 24(1) p. 185-194 _wBR0405452 |
|
| 909 |
_a202311 _bLúcia _c55 _dLúcia Elande |
||
| 942 |
_2AGRIS _n0 _cANA |
||
| 999 |
_c180581 _d180581 |
||